| 000 | 00651nam a2200229Ia 4500 | ||
|---|---|---|---|
| 003 | OSt | ||
| 005 | 20220925221952.0 | ||
| 006 | a|||||r|||| 00| 0 | ||
| 007 | ta | ||
| 008 | 220923b |||||||| |||| 00| 0 eng d | ||
| 037 | _cGeneral Book | ||
| 040 |
_aRTL _cRTL _beng |
||
| 041 |
_2eng _aeng |
||
| 082 | _aY7:4.1.542.M25<--I15, K3 | ||
| 100 |
_aBoxer C R _994682 |
||
| 245 | 0 | _aRace relations in the Portugueso coloniel empire, | |
| 260 |
_aLondon _bOxford University Press _c1963 |
||
| 300 |
_a136p _ccm. |
||
| 650 | _aRace | ||
| 942 |
_hY7:4.1.542.M25<--I15, K3 _cGB _2CC |
||
| 999 |
_c575786 _d575786 |
||